000
00293nam a2200109Ia 4500
008
201216s9999 xx 000 0 und d
100
_a
Thomas, R.E.
245
0
_a
Thomas Stowage : The properties & Stowage of cargoes
260
_a
Glasgow
_b
Brown,Son &Ferguson Ltd.
300
_a
370
942
_c
BK
999
_c
6447
_d
6447